00499nam a22001337a 4500003000500000005001700005008004100022020001800063050002800081245010700109260004800216300006000264500004100324SISC20161007103915.0161007b xxu||||| |||| 00| 0 eng d a9781632401694 aTK 7895.E42b.Em53 2015 aEmbedded systems :bhigh performance systems, applied principles and practice /cedited by Alan Moore. aNew Jersey :bClanrye International,c2015. avii, 2852 pages :billustrations (some color) ;c23 cm. aincludes bibliographical references.